MARC details
| 000 -LEADER |
| fixed length control field |
01929cam a2200409 a 4500 |
| 001 - CONTROL NUMBER |
| control field |
12924099 |
| 003 - CONTROL NUMBER IDENTIFIER |
| control field |
ARRUPE |
| 005 - DATE AND TIME OF LATEST TRANSACTION |
| control field |
20240215142829.0 |
| 008 - FIXED-LENGTH DATA ELEMENTS--GENERAL INFORMATION |
| fixed length control field |
020909s2002 enkb b 001 0 eng |
| 010 ## - LIBRARY OF CONGRESS CONTROL NUMBER |
| LC control number |
2002512137 |
| 015 ## - NATIONAL BIBLIOGRAPHY NUMBER |
| National bibliography number |
GBA2-Z7978 |
| 020 ## - INTERNATIONAL STANDARD BOOK NUMBER |
| International Standard Book Number |
1860648126 |
| 035 ## - SYSTEM CONTROL NUMBER |
| System control number |
(OCoLC)ocm48628103 |
| 040 ## - CATALOGING SOURCE |
| Original cataloging agency |
UKM |
| Transcribing agency |
UKM |
| Modifying agency |
C#P |
| -- |
DLC |
| 042 ## - AUTHENTICATION CODE |
| Authentication code |
lccopycat |
| 043 ## - GEOGRAPHIC AREA CODE |
| Geographic area code |
a-is--- |
| -- |
aw----- |
| 050 00 - LIBRARY OF CONGRESS CALL NUMBER |
| Classification number |
DS119.7.G58 |
| Item number |
M67 2002 |
| 082 04 - DEWEY DECIMAL CLASSIFICATION NUMBER |
| Classification number |
956.9404092 |
| Edition number |
21 |
| 300 ## - PHYSICAL DESCRIPTION |
| Other physical details |
maps ; |
| Dimensions |
25 cm. |
| 100 1# - MAIN ENTRY--PERSONAL NAME |
| Personal name |
Morris, Benny, |
| Dates associated with a name |
1948- |
| 9 (RLIN) |
52437 |
| 245 14 - TITLE STATEMENT |
| Title |
The road to Jerusalem : |
| Remainder of title |
Glubb Pasha, Palestine and the Jews / |
| Statement of responsibility, etc |
Benny Morris. |
| 260 ## - PUBLICATION, DISTRIBUTION, ETC. (IMPRINT) |
| Place of publication, distribution, etc |
London ; |
| -- |
New York : |
| Name of publisher, distributor, etc |
I.B. Tauris ; |
| Place of publication, distribution, etc |
New York : |
| Name of publisher, distributor, etc |
In the United States of America distributed by Palgrave Macmillan, |
| Date of publication, distribution, etc |
2002. |
| 300 ## - PHYSICAL DESCRIPTION |
| Extent |
297 p. : |
| 440 #4 - SERIES STATEMENT/ADDED ENTRY--TITLE |
| Title |
The library of Middle East history ; |
| Volume number/sequential designation |
v. 1 |
| 9 (RLIN) |
52438 |
| 504 ## - BIBLIOGRAPHY, ETC. NOTE |
| Bibliography, etc |
Includes bibliographical references (p. [243]-287) and index. |
| 505 8# - FORMATTED CONTENTS NOTE |
| Formatted contents note |
Machine generated contents note: 1 Glubb on Arabs and Jews -- 2 The Arab Revolt 1936-39 -- 3 World War II and its Aftermath -- 4 The Road to Jerusalem -- 5 The Invasion -- 6 Border Wars, 1949 - 1956 -- Conclusion (After 1956). |
| 600 10 - SUBJECT ADDED ENTRY--PERSONAL NAME |
| Personal name |
Glubb, John Bagot, |
| Titles and other words associated with a name |
Sir, |
| Dates associated with a name |
1897-1986. |
| 9 (RLIN) |
52439 |
| 650 #0 - SUBJECT ADDED ENTRY--TOPICAL TERM |
| Topical term or geographic name as entry element |
Jewish-Arab relations |
| General subdivision |
History |
| Chronological subdivision |
1917-1948. |
| 9 (RLIN) |
52440 |
| 650 #0 - SUBJECT ADDED ENTRY--TOPICAL TERM |
| Topical term or geographic name as entry element |
Arab-Israeli conflict. |
| 9 (RLIN) |
51217 |
| 651 #0 - SUBJECT ADDED ENTRY--GEOGRAPHIC NAME |
| Geographic name |
Palestine |
| General subdivision |
History |
| Chronological subdivision |
1917-1948. |
| 9 (RLIN) |
52441 |
| 651 #0 - SUBJECT ADDED ENTRY--GEOGRAPHIC NAME |
| Geographic name |
Israel |
| General subdivision |
History |
| Chronological subdivision |
1948-1967. |
| 9 (RLIN) |
52442 |
| 856 42 - ELECTRONIC LOCATION AND ACCESS |
| Materials specified |
Contributor biographical information |
| Uniform Resource Identifier |
<a href="http://www.loc.gov/catdir/bios/hol051/2002512137.html">http://www.loc.gov/catdir/bios/hol051/2002512137.html</a> |
| 856 42 - ELECTRONIC LOCATION AND ACCESS |
| Materials specified |
Publisher description |
| Uniform Resource Identifier |
<a href="http://www.loc.gov/catdir/description/hol031/2002512137.html">http://www.loc.gov/catdir/description/hol031/2002512137.html</a> |
| 856 41 - ELECTRONIC LOCATION AND ACCESS |
| Materials specified |
Table of contents |
| Uniform Resource Identifier |
<a href="http://www.loc.gov/catdir/toc/fy032/2002512137.html">http://www.loc.gov/catdir/toc/fy032/2002512137.html</a> |
| 906 ## - LOCAL DATA ELEMENT F, LDF (RLIN) |
| a |
7 |
| b |
cbc |
| c |
copycat |
| d |
2 |
| e |
ncip |
| f |
20 |
| g |
y-gencatlg |
| 942 ## - ADDED ENTRY ELEMENTS (KOHA) |
| Source of classification or shelving scheme |
Library of Congress Classification |
| Koha item type |
Monograph ( Printed materials) |